000 01354nam a2200241Ia 4500
003 Ost
005 20260507075409.0
008 260507s9999||||xx |||||||||||||| ||und||
020 _a9527117977
040 _cfsecg
041 _aara
082 _a330
100 _aسيف الدين، عبد الحكيم
_eمؤلف
245 0 _aالعلماء والسلطة /
_c عبد الحكيم سيف الدين
260 _aالإسكندرية:
_bالمكتب الجامعي الحديث,
_c2009
300 _a582 صفحة؛
_bإيضاحات ؛
_c24 سم
504 _aالمراجع ص.533
520 _aيضم موقف العلماء من الثورة العباسية، نظرة العلماء إلى السلطة ونظرة السلطة إلى العلماء في العصر العباسي الأول، منهج العلماء في المشاركة في الحياة السياسية في العصر العباسي الأول، دور العلماء في الأحداث والقضايا السياسية في العصر العباسي الأول، دور العلماء في الجهاد، دور العلماء في الحياة الإقتصادية في العصر العباسي الأول
653 _aالعلماء
653 _aالعلماء والسياسة
653 _aالعلماء- العصر العباسي
942 _cكتاب
999 _c44362
_d44362